| Tag |
First Indicator |
Second Indicator |
Subfields |
| LEADER |
00000cam a2200000 4500 |
| 001 |
in00000053945 |
| 005 |
20151008050914.0 |
| 008 |
720925s1931 nyu 00000 eng u |
| 010 |
|
|
|a 31015723
|
| 035 |
|
|
|a (OCoLC)00413886
|
| 035 |
|
|
|9 AAG4184AM
|
| 040 |
|
|
|c KSU
|d TXA
|d UtOrBLW
|
| 049 |
|
|
|a TXAM
|c [47040]
|
| 050 |
|
0 |
|a HD9710.U54
|b F66
|
| 092 |
|
|
|a 338.4
|b N894f
|
| 100 |
1 |
|
|a Norwood, Edwin P.,
|d 1881-
|
| 245 |
1 |
0 |
|a Ford men and methods /
|c by Edwin P. Norwood; illustrated with photographs by Charles Sheeler.
|
| 264 |
|
1 |
|a Garden City, N. Y. :
|b Doubleday, Doran & company, inc.,
|c 1931.
|
| 300 |
|
|
|a 201 pages :
|b illustrations ;
|c 22 cm.
|
| 336 |
|
|
|a text
|b txt
|2 rdacontent
|
| 337 |
|
|
|a unmediated
|b n
|2 rdamedia
|
| 338 |
|
|
|a volume
|b nc
|2 rdacarrier
|
| 500 |
|
|
|a Description of the River Rouge plant of the Ford motor company.
|
| 500 |
|
|
|a "First edition."
|
| 610 |
2 |
0 |
|a Ford Motor Company.
|
| 999 |
|
|
|a MARS
|
| 999 |
f |
f |
|s 33d3da09-5762-3116-a242-b2fa562d2363
|i 27dc9d77-7b56-38cc-98b1-35e5df54c94a
|t 0
|
| 952 |
f |
f |
|p ric
|a Texas A&M University
|b Rellis Campus
|c Joint Library Facility
|d Remote Storage
|t 0
|e HD9710.U54 F66
|h Library of Congress classification
|i unmediated -- volume
|m A14800764839
|
| 998 |
f |
f |
|a HD9710.U54 F66
|t 0
|l Remote Storage
|